Statistics for Countries Starting with Every Other Letter

Click here to take the quiz!

General Stats

  • This quiz has been taken 31 times
  • The average score is 85 of 115

Answer Stats

HintAnswer% Correct
AAlbania
96%
AAustralia
93%
EEstonia
93%
UUnited Kingdom
93%
UUnited States
93%
UUzbekistan
93%
AArgentina
89%
AAustria
89%
AAzerbaijan
89%
CCanada
89%
CChina
89%
EEritrea
89%
EEthiopia
89%
KKenya
89%
UUruguay
89%
AAndorra
86%
AAntigua and Barbuda
86%
AArmenia
86%
CCameroon
86%
GGhana
86%
KKazakhstan
86%
OOman
86%
QQatar
86%
ZZambia
86%
ZZimbabwe
86%
AAfghanistan
82%
EEast Timor
82%
EEcuador
82%
EEgypt
82%
GGabon
82%
GGermany
82%
GGuinea
82%
GGuinea Bissau
82%
IIndia
82%
IIndonesia
82%
KKosovo
82%
MMali
82%
UUganda
82%
AAngola
79%
CCape Verde
79%
CCzech Republic
79%
GGambia
79%
IIceland
79%
IIreland
79%
IIsrael
79%
KKiribati
79%
KKyrgyzstan
79%
UUkraine
79%
UUnited Arab Emirates
79%
CCambodia
75%
CChile
75%
CComoros
75%
CCosta Rica
75%
CCuba
75%
CCyprus
75%
EEquatorial Guinea
75%
GGuatemala
75%
IItaly
75%
MMalawi
75%
MMalta
75%
MMauritania
75%
SSaint Kitts and Nevis
75%
SSaint Vincent and the Grenadines
75%
AAlgeria
71%
CColombia
71%
CCroatia
71%
EEl Salvador
71%
GGrenada
71%
GGuyana
71%
IIran
71%
IIraq
71%
MMauritius
71%
MMorocco
71%
SSaint Lucia
71%
SSolomon Islands
71%
SSweden
71%
SSwitzerland
71%
GGreece
68%
IIvory Coast
68%
KKuwait
68%
MMarshall Islands
68%
MMontenegro
68%
MMozambique
68%
SSeychelles
68%
SSouth Korea
68%
CCentral African Republic
64%
CChad
64%
MMalaysia
64%
MMaldives
64%
MMexico
64%
MMoldova
64%
SSamoa
64%
SSenegal
64%
SSouth Sudan
64%
SSpain
64%
SSudan
64%
SSuriname
64%
EEswatini
61%
GGeorgia
61%
MMonaco
61%
SSri Lanka
61%
SSyria
61%
MMadagascar
57%
MMongolia
57%
SSan Marino
57%
SSlovakia
57%
SSlovenia
57%
MMyanmar
54%
SSerbia
54%
SSomalia
54%
SSouth Africa
54%
SSingapore
50%
SSierra Leone
46%
SSão Tomé and Principe
43%
SSaudi Arabia
39%

Score Distribution

Percentile by Number Answered

Percent of People with Each Score

Your Score History

You have not taken this quiz